Can You Name Every Monster High Movie? - Statistics

General Stats
  • This quiz has been taken 70 times
  • The average score is 10 of 17
Answer Stats
Answer % Correct
Monster High: Book York, Boo York!
91%
Monster High: Why Do Ghouls Fall In Love?
79%
Monster High: 13 Wishes
72%
Monster High: Scaris: City of Frights
72%
Monster High: Frights, Camera, Action!
67%
Monster High: Haunted
65%
Monster High: Fright On
63%
Monster High: Ghouls Rule
63%
Monster High: Freaky Fusion
58%
Monster High: Great Scarrier Reef
58%
Monster High: The Movie
51%
Monster High: Electrified
49%
Monster High: Friday Night Frights
49%
Monster High: Escape from Skull Shores
47%
Welcome to Monster High
47%
Monster High 2
30%
Monster High: New Ghoul in School
19%
No matching quizzes found
Score Distribution
Percent of People with Each Score
Percentile by Number Answered
Your Score History
You have not taken this quiz